| 000 | 01367cam a22003254a 4500 | ||
|---|---|---|---|
| 001 | 15286215 | ||
| 005 | 20081218094517.0 | ||
| 008 | 080502s2008 enka b 001 0 eng | ||
| 010 | _a 2008020331 | ||
| 020 | _a9780273713821 (pbk.) | ||
| 040 |
_aDLC _cDLC _dDLC |
||
| 050 | 0 | 0 |
_aHF5548.2 _b.C88 2008 |
| 082 | 0 | 0 |
_a658.403801 _222 _bCUR |
| 100 | 1 |
_aCurtis, Graham. _94349 |
|
| 245 | 1 | 0 |
_aBusiness information systems : _bAnalysis, Design, and Practice / _cGraham Curtis and David Cobham. |
| 250 | _a6th ed. | ||
| 260 |
_aHarlow ; _aEngland : _bPearson Education, _c2008. |
||
| 300 |
_axxiii, 695 p. : _bill. ; _c25 cm. |
||
| 504 | _aIncludes bibliographical references and index. | ||
| 650 | 0 |
_aBusiness _xData processing. _94350 |
|
| 650 | 0 |
_aInformation storage and retrieval systems _xBusiness. _94351 |
|
| 650 | 0 |
_aManagement information systems. _94352 |
|
| 650 | 0 |
_aSystem design. _94353 |
|
| 650 | 0 |
_aSystem analysis. _94354 |
|
| 650 | 0 |
_aExpert systems (Computer science) _94355 |
|
| 700 | 1 |
_aCobham, David P. _94356 |
|
| 942 |
_2ddc _cBB |
||
| 999 |
_c11441 _d11441 |
||